MARC

Tag First Indicator Second Indicator Subfields
LEADER 00000cam a2200000 a 4500
001 in00000970239
005 20150927111157.0
007 hd bfbgbbbca
008 900627s1990 txu a s00000 eng d
035 |a (OCoLC)21926248 
035 |9 AEW0668AM 
040 |a IKM  |c IKM  |d UtOrBLW 
043 |a n-us-tx 
049 |a TXAM 
092 |a 324.9764  |b El25 
245 0 0 |a Election registers, 1838-1972. 
264 1 |a Austin, TX :  |b Texas State Library, Archives Division :  |b Texas State Library, State Records Center, Records Management Division,  |c [1990] 
300 |a 31 microfilm reels :  |b negative ;  |c 35 mm. 
336 |a text  |b txt  |2 rdacontent 
337 |a microform  |b h  |2 rdamedia 
338 |a microfilm reel  |b hd  |2 rdacarrier 
500 |a Includes both appointed and elected state and county officials. 
500 |a Container title: Election registers. 
505 0 |a EL #1. 1838-1854 -- EL #2. 1854-1862 -- EL #3. 1860-1865 -- EL #4. Appointed, 1863-1870; Elected 8/1866-1870 -- EL #5. 1870-1875 -- EL #6. 1874- 1878 -- EL #7. 1878-1880 -- EL #8. 1880-1882 -- EL #9. 1882-1884 -- EL #10. 1884-1886 -- EL #11. 1886-1888 -- EL #12. 1888-1889 -- EL #13. 1889-1894 -- EL #14. 1894-1897 --EL #15. 1898-1902 -- EL #16. 1902-1906. 
500 |a EL #17. 1907-1912 -- EL #18. 1913-1918 -- EL #19. 1918-1925 -- EL #20. 1924-1930 -- EL #21. 1930-1934 -- EL #22. 1934-1938 -- EL #23. 1938-1942 - - EL #24. 1941-1947 -- EL #25. 1946-1950 -- EL #26. 1949-1954 -- EL #27. 1954- 1959 -- EL #28. 1956-1962 -- EL #29. 1962-1966 -- EL #30. 1964-1970 -- EL #31. 1968-1972. 
500 |a Microform. 
650 0 |a Elections  |z Texas  |x Archival resources. 
650 0 |a Primaries  |z Texas  |x Archival resources. 
650 0 |a Voting registers  |z Texas. 
651 0 |a Texas  |x Officials and employees  |x Selection and appointment. 
710 2 |a Texas State Library.  |b Archives Division. 
710 2 |a Texas State Library.  |b Records Management Division. 
740 0 |a Election registers. 
999 |a MARS 
999 f f |s 3ffc787f-bc3a-349c-aa7d-d65c9bc55c43  |i 69dc3ffa-7c22-3a9a-b73e-72d23fb104ac  |t 0 
952 f f |p normal  |a Texas A&M University  |b College Station  |c Sterling C. Evans Library  |d Evans: Microforms (3rd floor)  |t 0  |e film B 3763  |h Other scheme  |i microform -- microfilm reel  |k Reel 30  |m A14837802008 
952 f f |p normal  |a Texas A&M University  |b College Station  |c Sterling C. Evans Library  |d Evans: Microforms (3rd floor)  |t 0  |e film B 3763  |h Other scheme  |i microform -- microfilm reel  |k Reel 29  |m A14827324503 
952 f f |p normal  |a Texas A&M University  |b College Station  |c Sterling C. Evans Library  |d Evans: Microforms (3rd floor)  |t 0  |e film B 3763  |h Other scheme  |i microform -- microfilm reel  |k Reel 1  |m A14837802016 
952 f f |p normal  |a Texas A&M University  |b College Station  |c Sterling C. Evans Library  |d Evans: Microforms (3rd floor)  |t 0  |e film B 3763  |h Other scheme  |i microform -- microfilm reel  |k Reel 20  |m A14827326937 
952 f f |p normal  |a Texas A&M University  |b College Station  |c Sterling C. Evans Library  |d Evans: Microforms (3rd floor)  |t 0  |e film B 3763  |h Other scheme  |i microform -- microfilm reel  |k Reel 22  |m A14827326979 
952 f f |p normal  |a Texas A&M University  |b College Station  |c Sterling C. Evans Library  |d Evans: Microforms (3rd floor)  |t 0  |e film B 3763  |h Other scheme  |i microform -- microfilm reel  |k Reel 5  |m A14837802105 
952 f f |p normal  |a Texas A&M University  |b College Station  |c Sterling C. Evans Library  |d Evans: Microforms (3rd floor)  |t 0  |e film B 3763  |h Other scheme  |i microform -- microfilm reel  |k Reel 2  |m A14837802024 
952 f f |p normal  |a Texas A&M University  |b College Station  |c Sterling C. Evans Library  |d Evans: Microforms (3rd floor)  |t 0  |e film B 3763  |h Other scheme  |i microform -- microfilm reel  |k Reel 4  |m A14837802309 
952 f f |p normal  |a Texas A&M University  |b College Station  |c Sterling C. Evans Library  |d Evans: Microforms (3rd floor)  |t 0  |e film B 3763  |h Other scheme  |i microform -- microfilm reel  |k Reel 3  |m A14837802147 
952 f f |p normal  |a Texas A&M University  |b College Station  |c Sterling C. Evans Library  |d Evans: Microforms (3rd floor)  |t 0  |e film B 3763  |h Other scheme  |i microform -- microfilm reel  |k Reel 27  |m A14827324498 
952 f f |p normal  |a Texas A&M University  |b College Station  |c Sterling C. Evans Library  |d Evans: Microforms (3rd floor)  |t 0  |e film B 3763  |h Other scheme  |i microform -- microfilm reel  |k Reel 17  |m A14830181485 
952 f f |p normal  |a Texas A&M University  |b College Station  |c Sterling C. Evans Library  |d Evans: Microforms (3rd floor)  |t 0  |e film B 3763  |h Other scheme  |i microform -- microfilm reel  |k Reel 19  |m A14830181451 
952 f f |p normal  |a Texas A&M University  |b College Station  |c Sterling C. Evans Library  |d Evans: Microforms (3rd floor)  |t 0  |e film B 3763  |h Other scheme  |i microform -- microfilm reel  |k Reel 15  |m A14830181469 
952 f f |p normal  |a Texas A&M University  |b College Station  |c Sterling C. Evans Library  |d Evans: Microforms (3rd floor)  |t 0  |e film B 3763  |h Other scheme  |i microform -- microfilm reel  |k Reel 31  |m A14837519087 
952 f f |p normal  |a Texas A&M University  |b College Station  |c Sterling C. Evans Library  |d Evans: Microforms (3rd floor)  |t 0  |e film B 3763  |h Other scheme  |i microform -- microfilm reel  |k Reel 16  |m A14833740319 
952 f f |p normal  |a Texas A&M University  |b College Station  |c Sterling C. Evans Library  |d Evans: Microforms (3rd floor)  |t 0  |e film B 3763  |h Other scheme  |i microform -- microfilm reel  |k Reel 28  |m A14827324799 
952 f f |p normal  |a Texas A&M University  |b College Station  |c Sterling C. Evans Library  |d Evans: Microforms (3rd floor)  |t 0  |e film B 3763  |h Other scheme  |i microform -- microfilm reel  |k Reel 24  |m A14831245371 
952 f f |p normal  |a Texas A&M University  |b College Station  |c Sterling C. Evans Library  |d Evans: Microforms (3rd floor)  |t 0  |e film B 3763  |h Other scheme  |i microform -- microfilm reel  |k Reel 23  |m A14831245410 
952 f f |p normal  |a Texas A&M University  |b College Station  |c Sterling C. Evans Library  |d Evans: Microforms (3rd floor)  |t 0  |e film B 3763  |h Other scheme  |i microform -- microfilm reel  |k Reel 21  |m A14827326898 
952 f f |p normal  |a Texas A&M University  |b College Station  |c Sterling C. Evans Library  |d Evans: Microforms (3rd floor)  |t 0  |e film B 3763  |h Other scheme  |i microform -- microfilm reel  |k Reel 18  |m A14830181477 
998 f f |a film B 3763  |t 0  |l Evans: Microforms (3rd floor)